(14) - 50 villes les plus peuplées du Calvados (14) - Statistiques

Statistiques générales
  • Ce quiz a été pris 5 fois
  • Le résultat moyen est 10 sur 50
Statistiques - réponses
nombre d'habitant ville % Correct
109 400 Caen
100%
3 539 Deauville
80%
12 659 Bayeux
60%
23 470 Hérouville-Saint-Clair
60%
19 645 Lisieux
60%
4 619 Trouville-sur-Mer
60%
3 725 Cabourg
40%
4 268 Courseulles-sur-Mer
40%
3 543 Isigny-sur-Mer
40%
10 331 Mondeville
40%
9 212 Ouistreham
40%
5 145 Pont-l'Évêque
40%
7 100 Saint-Pierre-en-Auge
40%
3 088 Villers-Bocage
40%
17 457 Vire Normandie
40%
4 494 Bretteville-sur-Odon
20%
3 428 Carpiquet
20%
5 985 Condé-en-Normandie
20%
5 143 Douvres-la-Délivrande
20%
7 680 Falaise
20%
6 640 Honfleur
20%
11 937 Ifs
20%
6 207 Livarot-Pays-d'Auge
20%
3 275 Luc-sur-Mer
20%
9 766 Mézidon Vallée d'Auge
20%
3 959 Argences
0%
3 840 Biéville-Beuville
0%
6 106 Blainville-sur-Orne
0%
2 613 Bourguébus
0%
7 243 Colombelles
0%
5 377 Cormelles-le-Royal
0%
3 035 Démouville
0%
5 122 Dives-sur-Mer
0%
5 941 Fleury-sur-Orne
0%
2 810 Fontaine-Étoupefour
0%
5 077 Giberville
0%
3 323 Hermanville-sur-Mer
0%
3 600 Le Hom
0%
3 124 Le Molay-Littry
0%
4 777 Les Monts d'Aunay
0%
2 612 Louvigny
0%
3 441 Moult-Chicheboville
0%
4 207 Noues de Sienne
0%
4 529 Saint-Martin-de-May
0%
8 629 Souleuvre en Bocage
0%
6 182 Thue et Mue
0%
3 913 Touques
0%
3 439 Troarn
0%
5 696 Valdallière
0%
4 059 Verson
0%
Aucun quiz correspondant
Distribution des résultats
% des personnes avec chaque résultat
Percentile par nombre de réponses
Votre historique - résultats
Vous n’avez pas pris ce quiz